| 000 | 00413nam a2200145 i 4500 | ||
|---|---|---|---|
| 001 | bg | ||
| 100 | 1 | _aCIESIELSKI, Jarosław | |
| 245 | 0 |
_aZbiór zadań z mechaniki płynów : _bdla kierunku inżynieria środowiska. _nCz. 1, _pMechanika cieczy / _cJ. Ciesielski. |
|
| 260 |
_aPoznań, _c1986. |
||
| 040 | _cBPK | ||
| 041 | _apol | ||
| 080 | _a532(075.8) | ||
| 942 | _cKS | ||
| 008 | s pl f |000 0 pol | ||
| 999 |
_c3284 _d3284 |
||
| 856 |
_uhttp://koha.tu.koszalin.pl/cgi-bin/koha/opac-detail.pl?biblionumber=3284 _yKatalog online BPK |
||